|
|
|
|
| LEADER |
02886nam a2200397 a 4500 |
| 001 |
6373 |
| 003 |
BD-DhAAL |
| 008 |
091227s1997 bg b 101 0 eng d |
| 010 |
|
|
|a \\\98908471
|
| 020 |
|
|
|a 9840514270
|
| 040 |
|
|
|a DLC
|c DLC
|d DLC
|d BD-DhAAL
|
| 082 |
0 |
0 |
|a 305.42095492
|2 21
|
| 245 |
0 |
0 |
|a Contemporary feminist perspectives /
|c edited by Meghna Guhathakurta.
|
| 260 |
|
|
|a Dhaka :
|b University Press,
|c 1997.
|
| 300 |
|
|
|a xi, 64 pages ;
|c 22 cm.
|
| 504 |
|
|
|a Includes bibliographical references and index.
|
| 520 |
|
|
|a Papers presented at a workshop held in 1994.
|
| 526 |
|
|
|a ESS, BIED
|
| 541 |
1 |
|
|a Complimentary copy from Professor Dr. Nasreen Khundker, Complimentary copy from BIED
|e 6373, 36591, 41767
|
| 650 |
|
0 |
|a Women's studies
|z Bangladesh.
|9 37363
|
| 650 |
|
0 |
|a Feminism
|z Bangladesh.
|9 37364
|
| 650 |
|
0 |
|a Women
|z Bangladesh
|x Social conditions.
|9 37365
|
| 700 |
1 |
|
|a Guhathakurta, Meghna.
|9 37366
|
| 852 |
4 |
|
|a Ayesha Abed Library
|c General Stacks
|
| 942 |
|
|
|2 ddc
|c BK
|
| 999 |
|
|
|c 6449
|d 6449
|
| 952 |
|
|
|0 0
|1 0
|2 ddc
|4 0
|6 305_420954920000000_CON_1997
|7 0
|9 6529
|a BRACUL
|b BRACUL
|c GEN
|d 2009-12-27
|g 120.00
|l 3
|m 3
|o 305.42095492 CON
|p 3010006373
|r 2025-11-16
|s 2025-11-09
|t 1
|w 2009-12-27
|y BK
|
| 952 |
|
|
|0 0
|1 0
|2 ddc
|4 0
|6 305_420954920000000_CON_1997
|7 0
|9 6530
|a BRACUL
|b BRACUL
|c GEN
|d 2009-12-27
|g 120.00
|l 0
|o 305.42095492 CON
|p 3010006374
|r 2009-12-27
|t 2
|w 2009-12-27
|y BK
|
| 952 |
|
|
|0 0
|1 0
|2 ddc
|4 0
|6 305_420954920000000_CON
|7 0
|9 6540
|a BRACUL
|b BRACUL
|c GEN
|d 2009-12-27
|g 120.00
|l 1
|o 305.42095492 CON
|p 3010012849
|r 2025-05-15
|s 2025-05-06
|t 3
|w 2009-12-27
|y BK
|
| 952 |
|
|
|0 0
|1 0
|2 ddc
|4 0
|6 305_420954920000000_CON_1997
|7 0
|9 6541
|a BRACUL
|b BRACUL
|c GEN
|d 2009-12-27
|g 120.00
|l 2
|o 305.42095492 CON
|p 3010014922
|r 2026-03-02
|s 2026-02-24
|t 4
|w 2009-12-27
|y BK
|
| 952 |
|
|
|0 0
|1 0
|2 ddc
|4 0
|6 305_420000000000000_095492_CON
|7 0
|9 24229
|a SCL
|b SCL
|c GEN
|d 1998-11-12
|g 120.00
|l 0
|o 305.42095492 CON
|p 3020000532
|r 2014-04-27
|t 5
|w 2014-04-27
|y BK
|
| 952 |
|
|
|0 0
|1 0
|2 ddc
|4 0
|6 305_420000000000000_095492_CON
|7 0
|9 43341
|a SCL
|b SCL
|c GEN
|d 1998-11-24
|g 120.00
|l 0
|o 305.42095492 CON
|p 3020001001
|r 2014-07-22
|t 6
|w 2014-07-22
|y BK
|
| 952 |
|
|
|0 0
|1 0
|2 ddc
|4 0
|6 305_420000000000000_095492_CON
|7 0
|9 43342
|a SCL
|b SCL
|c GEN
|d 2005-02-13
|g 120.00
|l 1
|o 305.42095492 CON
|p 3020005151
|r 2020-03-15
|s 2020-02-04
|t 7
|w 2014-07-22
|y BK
|
| 952 |
|
|
|0 0
|1 0
|2 ddc
|4 0
|6 305_420000000000000_095492_CON
|7 0
|9 43343
|a SCL
|b SCL
|c GEN
|d 2005-02-13
|g 120.00
|l 0
|o 305.42095492 CON
|p 3020005152
|r 2014-07-22
|t 8
|w 2014-07-22
|y BK
|
| 952 |
|
|
|0 0
|1 0
|2 ddc
|4 0
|6 305_420954920000000_CON
|7 0
|9 67199
|a BRACUL
|b BRACUL
|c GEN
|d 2019-11-19
|e Complimentary copy from Professor Dr. Nasreen Khundker.
|l 0
|o 305.42095492 CON
|p 3010036591
|r 2019-11-19
|t 9
|w 2019-11-19
|y BK
|
| 952 |
|
|
|0 0
|1 0
|2 ddc
|4 0
|6 305_420954920000000_CON
|7 0
|9 74457
|a BRACUL
|b BRACUL
|c GEN
|d 2023-09-26
|e Complimentary copy from BIED
|g 120.00
|l 1
|o 305.42095492 CON
|p 3010041767
|r 2025-12-17
|s 2025-11-16
|t 10
|w 2023-09-26
|y BK
|x Transferred from BIED to General Stacks
|